Trade and environment: a resource book (Record no. 60131)

MARC details
000 -LEADER
fixed length control field 00760nam a2200193 a 4500
008 - FIXED-LENGTH DATA ELEMENTS--GENERAL INFORMATION
fixed length control field 100118s2007 ||||||||||||||||| || u
020 ## - INTERNATIONAL STANDARD BOOK NUMBER
International Standard Book Number 97811895536997
050 ## - LIBRARY OF CONGRESS CALL NUMBER
Classification number HF 1411 Tra
100 ## - MAIN ENTRY--PERSONAL NAME
Personal name Halle, Mark
245 10 - TITLE STATEMENT
Title Trade and environment: a resource book
Statement of responsibility, etc. Edited by Adil Najam, Mark Halle and Ricardo Melendez-Ortiz
260 ## - PUBLICATION, DISTRIBUTION, ETC.
Place of publication, distribution, etc. Toronto:
Name of publisher, distributor, etc. ICTSD/IISD/The Ring
Date of publication, distribution, etc. 2007
300 ## - PHYSICAL DESCRIPTION
Extent xx, 252p.: ill.
350 ## - PRICE (NR) (BK AM CF MU VM SE) [OBSOLETE]
Price 0.00
650 #0 - SUBJECT ADDED ENTRY--TOPICAL TERM
Topical term or geographic name entry element COMMERCE
650 #0 - SUBJECT ADDED ENTRY--TOPICAL TERM
Topical term or geographic name entry element INTERNATIONAL ECONOMIC RELATIONS--HANDBOOKS, MANUALS, E.T.C
700 ## - ADDED ENTRY--PERSONAL NAME
Personal name Najam, Adil
700 ## - ADDED ENTRY--PERSONAL NAME
Personal name Melendez-Ortiz, Ricardo
995 ## - RECOMMENDATION 995 [LOCAL, UNIMARC FRANCE]
-- 0.00
-- CBU-MAIN LIBRARY (Kitwe)
-- 1
-- 0.00
-- 1
-- AVAILABLE
-- May 5, 2010
-- Main Library Open Access Collection
Holdings
Withdrawn status Lost status Source of classification or shelving scheme Damaged status Not for loan Home library Current library Shelving location Date acquired Total Checkouts Full call number Barcode Date last seen Price effective from Koha item type
          CBU-MAIN LIBRARY, KITWE. CBU-MAIN LIBRARY, KITWE.   11/30/2022   HF 1411 Tra 741123 11/30/2022 11/30/2022 MONOGRAPH